| 000 | 00323nam a2200121Ia 4500 | ||
|---|---|---|---|
| 008 | 231129s1983||||xx |||||||||||||| ||spa|| | ||
| 082 | _a621.3191 G983m | ||
| 100 | _aGutierrez C. Gustavo A. | ||
| 245 | 0 | _aMetodos avanzados para el analisis de sistemas de potencia | |
| 260 | _c1983 | ||
| 264 | _as.n.] | ||
| 942 |
_2ddc _cBKS |
||
| 999 |
_c21051 _d21051 |
||